000 00631nam a2200229 a 4500
001 BRCA_6137
005 20190320205339.0
008 050711s1928----gw-ao#####---#000-0#ger-#
041 _ager
044 _agw
050 4 _aF2515
_b.L472 1928
100 1 _aLeichner, Georg.
_915480
245 1 0 _aUnter Brasilianischen diamantsuchern
_cvon Georg Leichner.
260 _aLeipzig, Alemania
_bW. Goldmann
_cc1928
300 _a195 p.
_bil., fotos
_c19 cm.
500 _aK28
650 1 4 _aMinas de diamantes
_915481
650 1 4 _aMinería
_915482
651 4 _aBrasil
_vDescripción y viajes
_915483
902 _aGFM
942 _2lcc
_cB
999 _c5824
_d5824